Mechanics of fluids

Salvato in:
Dettagli Bibliografici
Autore principale: Shames, Irving Herman (Autore)
Natura: Libro
Lingua:spagnolo
Pubblicazione: Nueva York McGraw-Hill 1962
Soggetti:
Tags: Aggiungi Tag
Nessun Tag, puoi essere il primo ad aggiungerne!!

MARC

LEADER 00000nam a2200000 a 4500
001 UCR4839
003 CL-VaPUC
008 980320e19620000US |||||||||||||||||spa|d
082 0 4 |a 532  |b SHA  |2 21 
100 0 |a Shames, Irving Herman  |e author  |9 405328 
245 1 0 |a Mechanics of fluids 
300 |a 575 p 
942 |c BK 
945 |d 19980320 00:00:00  |a aolguin 
260 |a Nueva York  |b McGraw-Hill  |c 1962 
650 0 |a Mecánica de fluidos   |9 259464 
650 7 |a TURBOMAQUINARIA  |2 CL-VaPUC  |9 336932 
583 |a last modification  |c 19980320 00:00:00  |k Rodrigo Vera 
999 |c 267642  |d 267640 
952 |0 0  |1 0  |4 0  |6 532_000000000000000_SHA_1962  |7 0  |8 A  |9 300099  |a BIBALI  |b BIBALI  |c GEN  |d 2019-11-20  |i 1959336  |l 1  |o 532 SHA 1962  |p 1959336  |r 2025-01-20  |s 2023-08-11  |w 2019-11-20  |y BK  |k ALI